000 01161cam a22003134a 4500
001 36937
003 BD-RjUL
005 20211209052547.0
008 041018s2005 enka b 001 0 eng
020 _a0851997279 (alk. paper)
035 _a(BD-RjUL)37039
040 _aDLC
_cDLC
_dDLC
_dBD-RjUL
_beng
041 _aeng
082 0 0 _a632.62570913
_222
_bPLA 2005
245 0 0 _aPlant parasitic nematodes in subtropical and tropical agriculture /
_cedited by Michel Luc, Richard A. Sikora, John Bridge.
250 _a2nd ed.
260 _aWallingford, Oxfordshire, UK ;
_aCambridge, MA :
_bCABI Pub.,
_cc2005.
300 _axxi, 871 p. :
_bill. ;
_c25 cm.
504 _aIncludes bibliographical references and index.
650 0 _aPlant nematodes
_zTropics.
_9112815
700 1 _aLuc, Michel.
_9112816
700 1 _aSikora, Richard A.
_9112817
700 1 _aBridge, John.
_9112818
856 4 1 _3Table of contents only
_uhttp://www.loc.gov/catdir/toc/ecip052/2004024550.html
856 4 2 _3Publisher description
_uhttp://www.loc.gov/catdir/enhancements/fy0635/2004024550-d.html
942 _2ddc
_cBK
999 _c36937
_d36937